<?xml version="1.0" encoding="UTF-8"?>
<record
    xmlns:xsi="http://www.w3.org/2001/XMLSchema-instance"
    xsi:schemaLocation="http://www.loc.gov/MARC21/slim http://www.loc.gov/standards/marcxml/schema/MARC21slim.xsd"
    xmlns="http://www.loc.gov/MARC21/slim">

  <leader>00586nam a22001577a 4500</leader>
  <controlfield tag="003">OSt</controlfield>
  <controlfield tag="005">20150909151232.0</controlfield>
  <controlfield tag="008">150909b        xxu||||| |||| 00| 0 eng d</controlfield>
  <datafield tag="040" ind1=" " ind2=" ">
    <subfield code="c">RUA</subfield>
  </datafield>
  <datafield tag="082" ind1=" " ind2=" ">
    <subfield code="a">AGR &#x1796;&#x17D2;&#x179A;&#x17C6; 1993 B006 Or.1</subfield>
  </datafield>
  <datafield tag="100" ind1=" " ind2=" ">
    <subfield code="9">183</subfield>
    <subfield code="a">&#x1796;&#x17D2;&#x179A;&#x17C6; &#x1796;&#x179B;&#x17B8;</subfield>
  </datafield>
  <datafield tag="245" ind1=" " ind2=" ">
    <subfield code="a">&#x17A5;&#x1791;&#x17D2;&#x1792;&#x17B7;&#x1796;&#x179B;&#x1793;&#x17C3;&#x1795;&#x17BC;&#x179F;&#x17D2;&#x179C;&#x17D0;&#x179A;&#x1791;&#x17C5;&#x179B;&#x17BE;&#x178A;&#x17C6;&#x178E;&#x17B6;&#x17C6;&#x1787;&#x17B8;&#x1794;&#x17C3;&#x178F;&#x1784;&#x1785;&#x17C6;&#x1796;&#x17C4;&#x17C7;&#x178A;&#x17C6;&#x178E;&#x17B6;&#x17C6;&#x179F;&#x17D2;&#x179A;&#x17BC;&#x179C;&#x1780;&#x17D2;&#x1793;&#x17BB;&#x1784;&#x179B;&#x1780;&#x17D2;&#x1781;&#x1781;&#x17D0;&#x178E;&#x17D2;&#x178C;&#x1795;&#x17D2;&#x1791;&#x17C7;&#x1780;&#x1789;&#x17D2;&#x1785;&#x1780;&#x17CB;</subfield>
  </datafield>
  <datafield tag="260" ind1=" " ind2=" ">
    <subfield code="a">Phnom Penh </subfield>
    <subfield code="b">RUA</subfield>
    <subfield code="c">1993</subfield>
  </datafield>
  <datafield tag="300" ind1=" " ind2=" ">
    <subfield code="a">86p.</subfield>
    <subfield code="b">ill.</subfield>
    <subfield code="c">29cm.</subfield>
  </datafield>
  <datafield tag="942" ind1=" " ind2=" ">
    <subfield code="2">ddc</subfield>
    <subfield code="c">AGR</subfield>
  </datafield>
  <datafield tag="999" ind1=" " ind2=" ">
    <subfield code="c">164</subfield>
    <subfield code="d">164</subfield>
  </datafield>
  <datafield tag="952" ind1=" " ind2=" ">
    <subfield code="0">0</subfield>
    <subfield code="1">0</subfield>
    <subfield code="2">ddc</subfield>
    <subfield code="4">0</subfield>
    <subfield code="6">AGR_&#x1796;&#x179A;&#x17C6;_1993_000000000000000_B006_OR_1</subfield>
    <subfield code="7">0</subfield>
    <subfield code="9">635</subfield>
    <subfield code="a">LBB</subfield>
    <subfield code="b">LBB</subfield>
    <subfield code="c">B006</subfield>
    <subfield code="d">2015-09-09</subfield>
    <subfield code="o">AGR &#x1796;&#x17D2;&#x179A;&#x17C6; 1993 B006 Or.1</subfield>
    <subfield code="p">RUA003663</subfield>
    <subfield code="r">2015-09-09</subfield>
    <subfield code="w">2015-09-09</subfield>
    <subfield code="y">AGR</subfield>
  </datafield>
  <datafield tag="952" ind1=" " ind2=" ">
    <subfield code="0">0</subfield>
    <subfield code="1">0</subfield>
    <subfield code="2">ddc</subfield>
    <subfield code="4">0</subfield>
    <subfield code="6">AGR_&#x1796;&#x179A;&#x17C6;_1993_000000000000000_B006_OR_2</subfield>
    <subfield code="7">0</subfield>
    <subfield code="9">636</subfield>
    <subfield code="a">LBB</subfield>
    <subfield code="b">LBB</subfield>
    <subfield code="c">B006</subfield>
    <subfield code="d">2015-09-09</subfield>
    <subfield code="o">AGR &#x1796;&#x17D2;&#x179A;&#x17C6; 1993 B006 Or.2</subfield>
    <subfield code="p">RUA003736</subfield>
    <subfield code="r">2015-09-09</subfield>
    <subfield code="w">2015-09-09</subfield>
    <subfield code="y">AGR</subfield>
  </datafield>
  <datafield tag="952" ind1=" " ind2=" ">
    <subfield code="0">0</subfield>
    <subfield code="1">0</subfield>
    <subfield code="2">ddc</subfield>
    <subfield code="4">0</subfield>
    <subfield code="6">AGR_&#x1796;&#x179A;&#x17C6;_1993_000000000000000_B006_OR_3</subfield>
    <subfield code="7">0</subfield>
    <subfield code="9">637</subfield>
    <subfield code="a">LBB</subfield>
    <subfield code="b">LBB</subfield>
    <subfield code="c">B006</subfield>
    <subfield code="d">2015-09-09</subfield>
    <subfield code="o">AGR &#x1796;&#x17D2;&#x179A;&#x17C6; 1993 B006 Or.3</subfield>
    <subfield code="p">RUA003664</subfield>
    <subfield code="r">2015-09-09</subfield>
    <subfield code="w">2015-09-09</subfield>
    <subfield code="y">AGR</subfield>
  </datafield>
  <datafield tag="952" ind1=" " ind2=" ">
    <subfield code="0">0</subfield>
    <subfield code="1">0</subfield>
    <subfield code="2">ddc</subfield>
    <subfield code="4">0</subfield>
    <subfield code="6">AGR_&#x1796;&#x179A;&#x17C6;_1993_000000000000000_B006_OR_4</subfield>
    <subfield code="7">0</subfield>
    <subfield code="9">638</subfield>
    <subfield code="a">LBB</subfield>
    <subfield code="b">LBB</subfield>
    <subfield code="c">B006</subfield>
    <subfield code="d">2015-09-09</subfield>
    <subfield code="l">1</subfield>
    <subfield code="o">AGR &#x1796;&#x17D2;&#x179A;&#x17C6; 1993 B006 Or.4</subfield>
    <subfield code="p">RUA003737</subfield>
    <subfield code="r">2016-06-04</subfield>
    <subfield code="s">2016-05-25</subfield>
    <subfield code="w">2015-09-09</subfield>
    <subfield code="y">AGR</subfield>
  </datafield>
  <datafield tag="952" ind1=" " ind2=" ">
    <subfield code="0">0</subfield>
    <subfield code="1">0</subfield>
    <subfield code="2">ddc</subfield>
    <subfield code="4">0</subfield>
    <subfield code="6">AGR_&#x1796;&#x179A;&#x17C6;_1993_000000000000000_B006_OR_5</subfield>
    <subfield code="7">0</subfield>
    <subfield code="9">639</subfield>
    <subfield code="a">LBB</subfield>
    <subfield code="b">LBB</subfield>
    <subfield code="c">B006</subfield>
    <subfield code="d">2015-09-09</subfield>
    <subfield code="o">AGR &#x1796;&#x17D2;&#x179A;&#x17C6; 1993 B006 Or.5</subfield>
    <subfield code="p">RUA003665</subfield>
    <subfield code="r">2015-09-09</subfield>
    <subfield code="w">2015-09-09</subfield>
    <subfield code="y">AGR</subfield>
  </datafield>
  <datafield tag="952" ind1=" " ind2=" ">
    <subfield code="0">0</subfield>
    <subfield code="1">0</subfield>
    <subfield code="2">ddc</subfield>
    <subfield code="4">0</subfield>
    <subfield code="6">AGR_&#x1796;&#x179A;&#x17C6;_1993_000000000000000_B006_OR_6</subfield>
    <subfield code="7">0</subfield>
    <subfield code="9">640</subfield>
    <subfield code="a">LBB</subfield>
    <subfield code="b">LBB</subfield>
    <subfield code="c">B006</subfield>
    <subfield code="d">2015-09-09</subfield>
    <subfield code="o">AGR &#x1796;&#x17D2;&#x179A;&#x17C6; 1993 B006 Or.6</subfield>
    <subfield code="p">RUA003738</subfield>
    <subfield code="r">2015-09-09</subfield>
    <subfield code="w">2015-09-09</subfield>
    <subfield code="y">AGR</subfield>
  </datafield>
  <datafield tag="952" ind1=" " ind2=" ">
    <subfield code="0">0</subfield>
    <subfield code="1">0</subfield>
    <subfield code="2">ddc</subfield>
    <subfield code="4">0</subfield>
    <subfield code="6">AGR_&#x1796;&#x179A;&#x17C6;_1993_000000000000000_B006_OR_7</subfield>
    <subfield code="7">0</subfield>
    <subfield code="9">641</subfield>
    <subfield code="a">LBB</subfield>
    <subfield code="b">LBB</subfield>
    <subfield code="c">B006</subfield>
    <subfield code="d">2015-09-09</subfield>
    <subfield code="o">AGR &#x1796;&#x17D2;&#x179A;&#x17C6; 1993 B006 Or.7</subfield>
    <subfield code="p">RUA003662</subfield>
    <subfield code="r">2015-09-09</subfield>
    <subfield code="w">2015-09-09</subfield>
    <subfield code="y">AGR</subfield>
  </datafield>
  <datafield tag="952" ind1=" " ind2=" ">
    <subfield code="0">0</subfield>
    <subfield code="1">0</subfield>
    <subfield code="2">ddc</subfield>
    <subfield code="4">0</subfield>
    <subfield code="6">AGR_&#x1796;&#x179A;&#x17C6;_1993_000000000000000_B006_OR_8</subfield>
    <subfield code="7">0</subfield>
    <subfield code="9">642</subfield>
    <subfield code="a">LBB</subfield>
    <subfield code="b">LBB</subfield>
    <subfield code="c">B006</subfield>
    <subfield code="d">2015-09-09</subfield>
    <subfield code="o">AGR &#x1796;&#x17D2;&#x179A;&#x17C6; 1993 B006 Or.8</subfield>
    <subfield code="p">RUA003666</subfield>
    <subfield code="r">2015-09-09</subfield>
    <subfield code="w">2015-09-09</subfield>
    <subfield code="y">AGR</subfield>
  </datafield>
  <datafield tag="952" ind1=" " ind2=" ">
    <subfield code="0">0</subfield>
    <subfield code="1">0</subfield>
    <subfield code="2">ddc</subfield>
    <subfield code="4">0</subfield>
    <subfield code="6">AGR_&#x1796;&#x179A;&#x17C6;_1993_000000000000000_B006_OR_9</subfield>
    <subfield code="7">0</subfield>
    <subfield code="9">643</subfield>
    <subfield code="a">LBB</subfield>
    <subfield code="b">LBB</subfield>
    <subfield code="c">B006</subfield>
    <subfield code="d">2015-09-09</subfield>
    <subfield code="o">AGR &#x1796;&#x17D2;&#x179A;&#x17C6; 1993 B006 Or.9</subfield>
    <subfield code="p">RUA003734</subfield>
    <subfield code="r">2015-09-09</subfield>
    <subfield code="w">2015-09-09</subfield>
    <subfield code="y">AGR</subfield>
  </datafield>
</record>
